[Event "Stay Safe Play From Home 361"]
[Site "Emanuel Lasker Arena"]
[Date "2020.08.06"]
[Round "4"]
[White "SelamiSahin"]
[Black "Ao017545"]
[Result "1-0"]
[WhiteElo "2129"]
[BlackElo "1532"]
[Annotator "NA RC"]
[PlyCount "57"]
[EventDate "2020.08.06"]
[EventType "swiss (blitz)"]

{Yarar, Atakan} 1. d4 {[%emt 0:00:01]} e5 {[%emt 0:00:01]} 2. dxe5 {[%emt 0:00:01]} d6 {[%emt 0:00:01]} 3. exd6 {[%emt 0:00:01]} Bxd6 {[%emt 0:00:00]} 4. e4 {[%emt 0:00:00]} Nf6 {[%emt 0:00:01]} 5. Bd3 {[%emt 0:00:01]} Ng4 {[%emt 0:00:02]} 6. h3 {[%emt 0:00:02]} Qh4 {[%emt 0:00:06]} 7. Qf3 {[%emt 0:00:04]} Ne5 {[%emt 0:00:03]} 8. Qe2 {[%emt 0:00:04]} Nxd3+ {[%emt 0:00:01]} 9. cxd3 {[%emt 0:00:01]} O-O {[%emt 0:00:02]} 10. Nf3 {[%emt 0:00:01]} Qd8 {[%emt 0:00:04]} 11. d4 {[%emt 0:00:03]} Nc6 {[%emt 0:00:00]} 12. Be3 {[%emt 0:00:01]} Nb4 {[%emt 0:00:01]} 13. a3 {[%emt 0:00:02]} Nc6 {[%emt 0:00:01]} 14. Nc3 {[%emt 0:00:01]} Na5 {[%emt 0:00:02]} 15. O-O {[%emt 0:00:01]} Nb3 {[%emt 0:00:01]} 16. Rad1 {[%emt 0:00:01]} Be7 {[%emt 0:00:06]} 17. Qb5 {[%emt 0:00:03]} Be6 {[%emt 0:00:09]} 18. d5 {[%emt 0:00:01]} c6 {[%emt 0:00:01]} 19. dxc6 {[%emt 0:00:02]} Qc7 {[%emt 0:00:06]} 20. Qxb7 {[%emt 0:00:07]} Rab8 {[%emt 0:00:01]} 21. Qxc7 {[%emt 0:00:01]} Bc5 {[%emt 0:00:06]} 22. Bxc5 {[%emt 0:00:01]} Nxc5 {[%emt 0:00:00]} 23. Qxa7 {[%emt 0:00:00]} Nb3 {[%emt 0:00:04]} 24. c7 {[%emt 0:00:01]} Ra8 {[%emt 0:00:00]} 25. Qb7 {[%emt 0:00:01]} Rac8 {[%emt 0:00:00]} 26. Nd5 {[%emt 0:00:03]} Nc5 {[%emt 0:00:01]} 27. Qc6 {[%emt 0:00:03]} Nd7 {[%emt 0:00:00]} 28. Ne7+ {[%emt 0:00:01]} Kh8 {[%emt 0:00:01]} 29. Nxc8 {[%emt 0:00:00] (Lag: Av=0.81s, max=1.1s) (Lag: Av=0.81s, max=1.1s) (Lag: Av=0.81s, max=1.1s) (Lag: Av=0.81s, max=1.1s) (Lag: Av=0.81s, max=1.1s)} 1-0

[Event "Stay Safe Play From Home 361"]
[Site "Emanuel Lasker Arena"]
[Date "2020.08.06"]
[Round "4"]
[White "Stefanone"]
[Black "Lamborghini"]
[Result "0-1"]
[WhiteElo "1922"]
[BlackElo "2285"]
[Annotator "TA"]
[PlyCount "60"]
[EventDate "2020.08.06"]
[EventType "swiss (blitz)"]

{[%evp 10,60,27,-9,24,-10,16,-12,0,-24,-10,-31,-9,-185,-179,-182,-180,-174,-185,-293,-302,-273,-278,-315,-314,-320,-314,-332,-288,-289,-290,-329,-258,-298,-266,-534,-487,-997,-995,-1002,-429,-907,-394,-366,-329,-508,-500,-460,-428,-691,-681,-1980,-1937]} 1. d4 Nf6 2. e3 g6 3. Nf3 Bg7 4. b3 O-O 5. Bb2 d5 6. Bd3 c6 {[#] D04: Colle System.} 7. Qe2 $146 ({Predecessor:} 7. h3 Bf5 8. O-O Nbd7 9. Nbd2 Bxd3 10. cxd3 Re8 11. Qe2 e6 12. Rfc1 h5 13. b4 a6 14. Nb3 {½-½ (53) Idrisov,I (2282)-Bruedigam,M (2386) chess.com INT 2020}) 7... a5 8. a4 Na6 {[%cal Bb8a6,Ba6b4,Bb4a2,Ba2c1][%mdl 32] The position is equal.} 9. Nbd2 Nb4 10. Rc1 Re8 11. Bc3 $2 (11. Ne5 $11 {and White stays safe.}) 11... Na2 $1 $19 {[%csl LRc1,LRc3][%mdl 64] [#] Double Attack} 12. Bb2 Nxc1 13. Bxc1 Nd7 14. Ne5 (14. O-O $142) 14... Nxe5 15. dxe5 Bxe5 16. f4 Bg7 17. Nf3 Bg4 18. O-O Bxf3 19. gxf3 e6 20. Qf2 c5 21. Bd2 Rc8 22. e4 $2 {[#]} (22. Bb5 {might work better.}) 22... c4 23. bxc4 (23. Be2 $142) 23... dxc4 24. Be2 f5 (24... Qxd2 $142 25. e5 Qxf4) 25. e5 (25. Be3 $142) 25... Re7 (25... Qxd2 $142 26. Re1 Qxf4) 26. Be3 Rd7 27. Bb6 (27. Rb1 $142) 27... Qe7 {Black is clearly winning.} 28. Bxa5 Bf8 29. Bc3 (29. Kg2 $142) 29... Qa3 30. Bd2 Bc5 {White did not feel at home in the position after the opening. Accuracy: White = 24%, Black = 55%.} 0-1

[Event "Stay Safe Play From Home 361"]
[Site "Emanuel Lasker Arena"]
[Date "2020.08.06"]
[Round "4"]
[White "Greblah"]
[Black "Edmatuag"]
[Result "1-0"]
[WhiteElo "1834"]
[BlackElo "1719"]
[Annotator "NA RC"]
[PlyCount "53"]
[EventDate "2020.08.06"]
[EventType "swiss (blitz)"]

1. e4 {[%emt 0:00:01]} c6 {[%emt 0:00:01]} 2. d4 {[%emt 0:00:01]} d6 {[%emt 0:00:00]} 3. Bd3 {[%emt 0:00:02]} Nf6 {[%emt 0:00:01]} 4. Ne2 {[%emt 0:00:01]} e5 {[%emt 0:00:01]} 5. O-O {[%emt 0:00:01]} Bg4 {[%emt 0:00:01]} 6. f3 {[%emt 0:00:02]} Be6 {[%emt 0:00:01]} 7. dxe5 {[%emt 0:00:01]} dxe5 {[%emt 0:00:01]} 8. Bg5 {[%emt 0:00:01]} Qb6+ {[%emt 0:00:01]} 9. Kh1 {[%emt 0:00:03]} Qxb2 {[%emt 0:00:01]} 10. Nd2 {[%emt 0:00:02]} Qb6 {[%emt 0:00:02]} 11. Nc4 {[%emt 0:00:02]} Qc7 {[%emt 0:00:03]} 12. Qd2 {[%emt 0:00:02]} Nbd7 {[%emt 0:00:01]} 13. Rab1 {[%emt 0:00:02]} Bc5 {[%emt 0:00:01]} 14. Qc3 {[%emt 0:00:02]} Bb6 {[%emt 0:00:03]} 15. Nxb6 {[%emt 0:00:02]} axb6 {[%emt 0:00:01]} 16. a3 {[%emt 0:00:01]} O-O {[%emt 0:00:02]} 17. Bc4 {[%emt 0:00:01]} Rfe8 {[%emt 0:00:04]} 18. Bxe6 {[%emt 0:00:01]} Rxe6 {[%emt 0:00:00]} 19. Ng3 {[%emt 0:00:01]} g6 {[%emt 0:00:02]} 20. Nf5 {[%emt 0:00:02]} gxf5 {[%emt 0:00:01]} 21. exf5 {[%emt 0:00:01]} Rd6 {[%emt 0:00:01]} 22. f4 {[%emt 0:00:01]} Ne4 {[%emt 0:00:02]} 23. Qh3 {[%emt 0:00:02]} Nxg5 {[%emt 0:00:01]} 24. fxg5 {[%emt 0:00:01]} Kh8 {[%emt 0:00:01]} 25. f6 {[%emt 0:00:01]} Nf8 {[%emt 0:00:02]} 26. Qh6 {[%emt 0:00:01]} Ng6 {[%emt 0:00:01]} 27. Qg7# {[%emt 0:00:01] (Lag: Av=0.47s, max=0.9s) (Lag: Av=0.47s, max=0.9s) (Lag: Av=0.47s, max=0.9s) (Lag: Av=0.47s, max=0.9s) (Lag: Av=0.47s, max=0.9s)} 1-0

[Event "Stay Safe Play From Home 361"]
[Site "Emanuel Lasker Arena"]
[Date "2020.08.06"]
[Round "4"]
[White "Klasman"]
[Black "James Harcourt"]
[Result "1-0"]
[WhiteElo "1358"]
[BlackElo "1365"]
[Annotator "NA RC"]
[PlyCount "49"]
[EventDate "2020.08.06"]
[EventType "swiss (blitz)"]

1. f4 {[%emt 0:00:02]} Nf6 {[%emt 0:00:02]} 2. Nf3 {[%emt 0:00:01]} e6 {[%emt 0:00:02]} 3. c4 {[%emt 0:00:01]} Ng4 {[%emt 0:00:01]} 4. h3 {[%emt 0:00:03]} Nf2 {[%emt 0:00:02]} 5. Kxf2 {[%emt 0:00:01]} Bc5+ {[%emt 0:00:00]} 6. e3 {[%emt 0:00:01]} b6 {[%emt 0:00:01]} 7. d4 {[%emt 0:00:01]} Be7 {[%emt 0:00:01]} 8. Nc3 {[%emt 0:00:02]} d5 {[%emt 0:00:01]} 9. Be2 {[%emt 0:00:04]} dxc4 {[%emt 0:00:01]} 10. Bxc4 {[%emt 0:00:01]} a6 {[%emt 0:00:04]} 11. e4 {[%emt 0:00:01]} b5 {[%emt 0:00:02]} 12. Bd3 {[%emt 0:00:02]} c5 {[%emt 0:00:02]} 13. d5 {[%emt 0:00:01]} exd5 {[%emt 0:00:01]} 14. exd5 {[%emt 0:00:02]} b4 {[%emt 0:00:01]} 15. Ne4 {[%emt 0:00:03]} Bf5 {[%emt 0:00:03]} 16. d6 {[%emt 0:00:03]} Bxd6 {[%emt 0:00:02]} 17. Nxd6+ {[%emt 0:00:03]} Qxd6 {[%emt 0:00:04]} 18. Bxf5 {[%emt 0:00:02]} Qb6 {[%emt 0:00:04]} 19. Re1+ {[%emt 0:00:02]} Kf8 {[%emt 0:00:13]} 20. Qe2 {[%emt 0:00:02]} c4+ {[%emt 0:00:01]} 21. Kf1 {[%emt 0:00:02]} g6 {[%emt 0:00:02]} 22. Qe8+ {[%emt 0:00:05]} Kg7 {[%emt 0:00:01]} 23. Qe5+ {[%emt 0:00:01]} Kh6 {[%emt 0:00:02]} 24. g4 {[%emt 0:00:02]} g5 {[%emt 0:00:02]} 25. fxg5# {[%emt 0:00:01] (Lag: Av=0.38s, max=0.5s) (Lag: Av=0.38s, max=0.5s) (Lag: Av=0.38s, max=0.5s) (Lag: Av=0.38s, max=0.5s) (Lag: Av=0.38s, max=0.5s) Mate Mate Mate Mate Mate} 1-0

[Event "Stay Safe Play From Home 361"]
[Site "Emanuel Lasker Arena"]
[Date "2020.08.06"]
[Round "5"]
[White "NTBT_DHS"]
[Black "Uber_WING"]
[Result "0-1"]
[WhiteElo "2658"]
[BlackElo "2369"]
[Annotator "TA"]
[PlyCount "52"]
[EventDate "2020.08.06"]
[EventType "swiss (blitz)"]

{[%evp 9,52,0,-5,-226,-233,-301,-295,-297,-295,-419,-384,-1070,-1085,-1496,-1455,-29995,-1778,-1826,-1327,-1815,-1343,-1435,-1139,-1132,-1109,-1341,-1300,-1128,-1086,-2330,-2219,-2570,-2001,-29992,-6299,-29989,-29990,-29990,-29990,-29990,-29991,-29994,-29995,-29998,-1345]} 1. d4 e5 2. Nc3 exd4 3. Qxd4 Nc6 4. Qe4+ Be7 5. Bg5 {[#]} d5 $146 ({Predecessor:} 5... f6 6. Bf4 g5 7. Be3 d6 8. Nd5 f5 9. Qa4 h6 10. Nf3 Be6 11. O-O-O Bxd5 {0-1 (27) Giandomenico,P (1346)-Leurette,M (1459) FICGS email 2011}) 6. Nxd5 $2 {[#] A00: Irregular Openings.} (6. Bxe7 $1 $11 Ngxe7 7. Qf4) 6... f5 $1 $19 {[%cal Rf5e4]} 7. Bxe7 Ngxe7 ({Inferior is} 7... fxe4 8. Bxd8 Kxd8 9. O-O-O $16) 8. Nxc7+ {Black has a decisive advantage.} Qxc7 9. Qc4 {[#]} (9. Qa4 $142) 9... Be6 $1 {[%mdl 576] Deflection} 10. Qxe6 $2 {[#]} (10. Qa4) 10... Nd4 $1 {[%mdl 576] Double Attack, Discovered Attack} 11. Qb3 Nxb3 12. cxb3 O-O-O (12... Qa5+ $142 13. b4 Qxb4+ {[%mdl 64] Double Attack} 14. Kd1 O-O-O+ 15. Kc2 Rd2+ 16. Kc1 Qxb2#) 13. f3 Nc6 14. g3 Rhe8 15. Kf2 Qb6+ 16. Kg2 g6 17. Nh3 Nd4 18. Rc1+ Kb8 19. Nf4 g5 20. Nd3 Nxe2 21. Rd1 Qe3 (21... g4 $142 22. fxg4 Qc6+ 23. Kf2 Qxh1 24. Ke1 {[#]} Nc3+ $1 {[%mdl 576] Double Attack, Discovered Attack} 25. Kd2 Nxd1 26. Be2 Qxh2 {[%mdl 64] Double Attack} 27. g5 Qxe2+ {[%mdl 64] Double Attack} 28. Kc1 Rxd3 29. b4 Qxb2#) 22. Nf2 Rxd1 {Black mates.} 23. Nxd1 Qd2 24. Nf2 g4 25. h3 gxf3+ 26. Kxf3 Qd5+ {Black took control after the opening. Accuracy: White = 16%, Black = 57%.} (26... Qe3+ $142 27. Kg2 Qxg3#) 0-1

[Event "Stay Safe Play From Home 361"]
[Site "Emanuel Lasker Arena"]
[Date "2020.08.06"]
[Round "5"]
[White "Nuktotitakoi"]
[Black "Gokerkan"]
[Result "1-0"]
[WhiteElo "2454"]
[BlackElo "2601"]
[Annotator "TA"]
[PlyCount "85"]
[EventDate "2020.08.06"]
[EventType "swiss (blitz)"]

{[%evp 9,84,16,20,12,20,16,21,0,17,-18,-20,-44,-40,-61,-22,-27,-38,-134,-123,-117,-74,-90,-91,-132,-79,-122,-115,-124,-132,-191,-198,-194,-160,-156,-156,-206,-39,-41,0,0,33,31,47,0,0,-8,-12,-3,18,9,13,11,60,16,358,359,451,471,462,463,442,447,665,651,814,471,702,660,674,680,29971,29972,29972,29973,29972,29973,29999]} 1. e4 g6 2. Nc3 c5 3. d3 Bg7 4. h4 Nc6 5. h5 d6 6. h6 {B23: Closed Sicilian: Lines without g3.} Bxc3+ 7. bxc3 Nf6 8. Nf3 {[#] The position is equal.} O-O $146 ({Predecessor:} 8... Bg4 9. Be2 Qa5 10. Bd2 Bxf3 11. Bxf3 O-O-O 12. O-O Rhg8 13. Qc1 c4 14. a4 g5 {0-1 (41) Potapov,P (2493)-Artemiev,V (2663) Sochi 2016}) 9. Bg5 d5 10. e5 Ng4 11. d4 f6 12. exf6 $1 exf6 13. Bh4 (13. Bd2 $15) 13... Re8+ 14. Be2 Qe7 15. Kf1 cxd4 16. cxd4 Bf5 ({Better is} 16... Nxh6 17. Bxf6 Qxf6 18. Rxh6 Bg4) 17. Bb5 Rac8 18. c3 a6 19. Bd3 (19. Ba4 $17) 19... Bxd3+ $19 20. Qxd3 Qe4 21. Qxe4 dxe4 22. Nh2 {[#]} Nxh6 $2 ({Black should try} 22... Nxh2+ $1 $19 23. Rxh2 g5 24. Bxg5 fxg5) 23. Bxf6 $15 e3 24. Bg5 e2+ 25. Ke1 Nf7 26. Be3 Ne7 27. Rc1 Nd5 28. Kxe2 Rxc3 29. Rxc3 Nxc3+ 30. Kd3 Nxa2 31. Ng4 {Nf6+ is the strong threat.} Nb4+ $2 {[%mdl 8192]} (31... Re6 $11) 32. Kc4 $18 {Strongly threatening Nf6+.} Nc6 33. Nf6+ {[%mdl 64] [#] Double Attack} Kf8 34. Nxe8 Kxe8 35. Rxh7 {[%mdl 4096] Endgame KRB-KNN} Nd6+ (35... a5 $142 36. d5 Nd6+ 37. Kb3 Ne7) 36. Kd5 Nf7 37. Kc5 Ncd8 (37... a5 $142 38. d5 Ne7) 38. Kb6 Nd6 39. d5 {[%cal Bd4d5,Bd5d6,Bd6d7][%mdl 32]} Nc4+ 40. Kc7 {White mates.} Nf7 41. Bc5 b6 42. d6 {[%csl Gc7][%cal Rd6d7]} a5 43. d7# {Quite a comeback for White. Accuracy: White = 67%, Black = 45%.} 1-0

[Event "Stay Safe Play From Home 361"]
[Site "Emanuel Lasker Arena"]
[Date "2020.08.06"]
[Round "5"]
[White "Tran Minh Thang"]
[Black "SelamiSahin"]
[Result "1-0"]
[WhiteElo "2439"]
[BlackElo "2130"]
[Annotator "TA"]
[PlyCount "107"]
[EventDate "2020.08.06"]
[EventType "swiss (blitz)"]

{[%evp 12,107,21,20,45,25,32,32,52,0,0,-1,14,9,22,14,22,22,25,-28,23,8,42,27,40,-10,-7,-23,22,3,21,7,24,23,35,23,22,6,12,7,29,16,14,-41,0,0,0,0,0,-102,-102,-102,-104,-102,-100,-118,-118,-135,-123,-128,-128,-135,-135,-254,-135,-135,-120,-120,-118,-127,0,0,-10,-80,0,0,0,0,0,0,0,0,800,0,0,0,12841,12842,12842,12843,29991,29991,29995,0,29991,29990,29990,0]} 1. b3 c6 2. Bb2 d5 3. e3 Nf6 4. Nf3 g6 5. Be2 Bg7 6. O-O O-O 7. c4 Bf5 {A12: English Opening: 1...c6 with b3 by White.} 8. Nc3 Ne4 {[#]} 9. Rc1 $146 ({Predecessor:} 9. Qc1 Nc5 10. cxd5 Nd3 11. Bxd3 Bxd3 12. Re1 cxd5 13. Na4 Bb5 14. Bxg7 Kxg7 15. Nc3 {0-1 (55) Maghsoodloo,P (2671)-Sarana,A (2636) chess.com INT 2019}) 9... Nd7 {[%cal Bb8d7,Bd7f6,Bf6e4][%mdl 32] White is slightly better.} 10. d3 (10. Nd4 $14) 10... Nxc3 $11 11. Bxc3 Bxc3 12. Rxc3 Nf6 13. d4 Ne4 14. Rc1 Kg7 15. b4 (15. Ne5 $142) 15... Rc8 (15... a5 $142 16. b5 cxb5 17. cxb5 Rc8) 16. Qb3 a6 17. Rfd1 h6 18. Bd3 Bg4 19. Be2 e6 20. h3 Bxf3 21. Bxf3 Nf6 22. a4 Qb6 23. c5 Qc7 24. b5 axb5 25. axb5 Ra8 26. Rb1 Rfb8 27. Ra1 (27. Rdc1 $11) 27... b6 {Hoping for ...Rxa1.} 28. Rxa8 Rxa8 29. bxc6 bxc5 30. Qb7 (30. dxc5 $11 {was the only way to keep the balance.} Ra6 31. Rc1) 30... Rc8 $17 31. dxc5 Qxc6 32. Qb2 {and if Rc1 works, White does fine.} Qxc5 33. g4 Qc3 34. Qb7 Qc7 35. Qb2 g5 36. Rd2 Qc3 37. Qa2 {[#]} (37. Be2 $17) 37... Qc1+ (37... d4 $1 $19 {[%mdl 512]} 38. Qb2 (38. Rxd4 Qe1+) 38... dxe3 39. Qxc3 exf2+ 40. Kxf2 Rxc3) 38. Kg2 Qc4 39. Qb2 Qc3 40. Qa2 Ne4 ({Better is} 40... Rc5 $17 41. Rb2 Nd7) 41. Bxe4 $1 $11 dxe4 {[%mdl 4096] Endgame KQR-KQR} 42. Rd7 (42. Rd4 $11 {remains equal.}) 42... Qc4 (42... Qf6 $17 {And now ...Rc1 would win.} 43. Qe2 Kg8) 43. Qa1+ Kg6 44. Qa7 Rf8 45. Qb7 Qc2 46. Rd4 f5 $2 {[%mdl 8192] [#]} (46... Rc8 $11) 47. Rd7 $2 (47. Qe7 $1 $18 {[%mdl 512]} Qc8 48. Rd7 Qxd7 49. Qxd7) 47... fxg4 48. Rg7+ Kf6 $4 {[%mdl 8192]} ({Not} 48... Kh5 {[#]} 49. Rxg5+ $1 {[%mdl 512]} Kh4 50. Rxg4+ Kh5 51. Qb5+ Qc5 52. Qxc5+ Rf5 53. Qe7 Rxf2+ 54. Kxf2 e5 55. Qxe5#) (48... Kf5 $11) 49. Qe7+ $18 {[%mdl 64] Double Attack} Ke5 50. Qxf8 Qd2 51. Qb8+ Kf5 52. Qf8+ Ke5 53. Qc5+ Kf6 54. Rg6+ $2 {[%mdl 32768] What a bad dream for Black. Accuracy: White = 75%, Black = 65%. . Loss on time!?} (54. Qe7+ {mates} Ke5 55. Qc5+ Kf6 56. Qf8+ Ke5) 1-0

[Event "Stay Safe Play From Home 361"]
[Site "Emanuel Lasker Arena"]
[Date "2020.08.06"]
[Round "5"]
[White "AChessPlayer"]
[Black "Little champs"]
[Result "1-0"]
[WhiteElo "2407"]
[BlackElo "2142"]
[Annotator "TA"]
[PlyCount "117"]
[EventDate "2020.08.06"]
[EventType "swiss (blitz)"]

{[%evp 9,116,23,56,14,41,27,31,0,0,-4,-8,-29,-21,-17,0,0,174,164,229,225,224,225,391,402,396,341,355,332,306,216,259,178,199,127,155,71,197,16,29,-219,-222,-531,-461,-764,-757,-751,-725,-1292,-957,-879,1291,1290,1174,881,912,100,90,85,306,308,301,281,592,592,592,547,560,563,679,670,739,737,29980,29980,29980,29981,29981,29982,29983,29984,29983,29984,29986,29986,29986,29987,29989,29987,29990,29991,29992,29993,29993,29994,29994,29995,29995,29995,29995,29996,29997,29997,29997,29998,29998,29999,29999,29999,29999]} 1. Nf3 c5 2. g3 d6 3. Bg2 Nc6 4. O-O Bd7 5. c3 g6 {[#]} 6. Re1 $146 {A04: Unusual lines after 1 Nf3 and King's Indian Attack.} ({Predecessor:} 6. d4 cxd4 7. cxd4 Bg7 8. Nc3 Qb6 9. Nd5 Qa5 10. e4 Nf6 11. Bd2 Qd8 12. Nxf6+ Bxf6 {½-½ (20) De Wit,T-Bensdorp,L Hengelo 2001}) 6... Bg7 7. e4 e5 8. Na3 {White is slightly better.} Nge7 9. Nc4 Be6 10. Ne3 O-O 11. Ng5 Bc8 12. d3 f5 $2 (12... Rb8 $11) 13. Qb3+ $18 Kh8 (13... d5 {was called for.}) 14. Nf7+ Rxf7 15. Qxf7 b5 $2 (15... Bd7 16. exf5 gxf5) 16. exf5 gxf5 17. Nd5 Nxd5 18. Bxd5 Bd7 19. h4 f4 20. Qh5 Qf8 21. Be4 (21. gxf4 $18 Re8 22. a4) 21... Qg8 $16 22. Qf3 (22. gxf4 $142 Rf8 23. Bd2) 22... Rc8 (22... Rf8 $16 {might work better.}) 23. g4 $2 (23. gxf4 $18 {Strongly threatening Bd5.} b4 24. Bd5) 23... Ne7 $11 {next ...d5 is good for Black.} 24. g5 $2 (24. Qg2 $11 {and White is okay.}) 24... d5 $19 25. Bxh7 $2 (25. Qg2 dxe4 26. dxe4) 25... Qxh7 26. Bxf4 (26. d4 $142 Qxh4 27. dxe5) 26... Rf8 27. Rxe5 Ng6 {[%mdl 64] [#] Double Attack} 28. Rxd5 Nxf4 29. Rxd7 Nh3+ $4 {[%mdl 8192]} (29... Qf5 $19 30. Rf7 Qxf7) 30. Qxh3 $18 Qg6 31. Qg3 Qf5 32. Re1 $2 (32. Rxa7 $18 Be5 33. Qg2) 32... Qxd7 $16 33. h5 {Hoping for h6.} Qf7 $2 (33... Rf5 $16) 34. h6 $18 Bxh6 35. Qh4 {[%mdl 64] [#] Pin} ({But not} 35. gxh6 $2 Rg8 $19) 35... Rg8 $2 (35... Qg7 {is more resistant.}) 36. Qxh6+ Qh7 37. Qxh7+ Kxh7 {[%mdl 4096] Endgame KR-KR} 38. Re5 Kg6 39. Rxc5 Kh5 40. d4 Rxg5+ 41. Rxg5+ {White mates.} Kxg5 {KP-KP} 42. f3 Kf5 43. Kf2 Ke6 44. b4 Kd5 45. Ke3 a5 46. f4 axb4 47. cxb4 Kc4 48. f5 Kxb4 49. f6 Ka3 50. f7 Kxa2 51. f8=Q Kb3 52. Qc5 b4 53. d5 Ka4 54. d6 b3 55. d7 b2 56. d8=Q {[%cal Rd8d1]} b1=Q 57. Qa8+ Kb3 58. Qb8+ Ka2 59. Qca7# {Accuracy: White = 49%, Black = 56%.} 1-0

[Event "Stay Safe Play From Home 361"]
[Site "Emanuel Lasker Arena"]
[Date "2020.08.06"]
[Round "5"]
[White "Lamborghini"]
[Black "SoulofWolf"]
[Result "0-1"]
[WhiteElo "2289"]
[BlackElo "2280"]
[Annotator "TA"]
[PlyCount "88"]
[EventDate "2020.08.06"]
[EventType "swiss (blitz)"]

{[%evp 9,88,77,77,28,48,35,42,36,44,40,67,68,58,42,75,33,53,22,44,30,33,-20,24,0,0,0,-2,-29,38,42,36,31,45,47,41,5,74,88,151,147,208,209,209,217,218,240,226,89,246,210,249,97,100,96,101,0,295,302,513,295,654,649,719,-333,-338,-387,-371,-5114,-2165,-29998,-29990,-29997,-29994,-29999,-29996,-29996,-29993,-29998,-29996,-29997,-29998]} 1. e4 c5 2. Nf3 e6 3. d4 a6 4. d5 exd5 5. exd5 d6 {[#]} 6. g3 $146 {B40: Sicilian: 2...e6, Unusual lines.} ({Predecessor:} 6. c4 Be7 7. Nc3 Nf6 8. h3 O-O 9. Bd3 Re8 10. O-O Nbd7 11. a4 Nf8 12. Re1 {1-0 (35) Miton,K (2629)-Drazic,S (2546) Skanderborg 2010}) 6... Be7 7. Bg2 Nf6 8. O-O {White is slightly better.} O-O 9. a4 Bg4 10. h3 Bh5 11. Nc3 Nbd7 12. Bf4 (12. g4 $5 {[%cal Rg4h5]} Bg6 13. Nh4 $14) 12... Bg6 13. Nd2 h6 14. Nc4 Nb6 15. Na5 (15. Na3 $14) 15... Rb8 16. Re1 Re8 17. g4 Nfd7 18. Qd2 Bf8 ({Black should try} 18... Qc7 $11) 19. Rxe8 $14 Qxe8 20. Re1 Qd8 21. Bg3 Qf6 22. f4 {[#] Black must now prevent f5.} Bh7 (22... Qd4+ $11 23. Qxd4 cxd4) 23. f5 $36 {[%mdl 2048] White is in control.} g6 (23... Qd8 $142) 24. Ne4 Qd4+ (24... Qxb2 $16 {is a better defense.} 25. Nxd6 Bg7) 25. Qxd4 $18 cxd4 26. Nxd6 Bxd6 27. Bxd6 Rc8 28. Re2 ({Don't take} 28. Nxb7 $6 Rxc2 29. Re8+ Kg7) (28. Nb3 $18 {and White stays clearly on top.}) 28... Nf6 $2 (28... gxf5 $16 29. Nb3 (29. Nxb7 fxg4 30. a5 Nc4 $16) 29... d3 30. cxd3 Nxa4) 29. Be5 Nfxd5 30. f6 $2 ({Don't play} 30. Bxd4 $6 Nf4) (30. Nxb7 $18 f6 31. Bxd4) 30... g5 $16 31. Bxd4 {[#] Threatens to win with Re5.} Nf4 32. Rf2 (32. Re1 $16 Nxg2 33. Kxg2 Nxa4 34. b3 (34. Nxb7 Rxc2+ 35. Kf3 Bg6 $11)) 32... Bxc2 $2 {[%mdl 8192]} (32... Nxa4 $11 33. Nxb7 (33. Bxb7 Rd8 $11) 33... Nxg2 34. Rxg2 Bxc2) 33. Bxb6 $18 Bd3 $2 (33... Nxg2 34. Kxg2 Bxa4) 34. Be3 Ne2+ $2 (34... Nxg2 35. Rxg2 Re8) 35. Kh2 Nf4 36. Re2 $4 {[%mdl 8192]} (36. Bxf4 $18 {and all is fine.} gxf4 37. Nxb7) 36... Bxe2 $19 ({Weaker is} 36... Nxe2 37. b4 $19) 37. Bxf4 gxf4 38. Bf3 $2 (38. Be4) 38... Bxf3 {[%mdl 4096] Endgame} 39. h4 Be4 {Black mates.} 40. g5 Rc2+ 41. Kh3 hxg5 {[%cal Re4f5]} 42. Kg4 f3 43. Kg3 f2 44. hxg5 f1=Q {Accuracy: White = 38%, Black = 47%.} 0-1

[Event "Stay Safe Play From Home 361"]
[Site "Emanuel Lasker Arena"]
[Date "2020.08.06"]
[Round "5"]
[White "Greblah"]
[Black "Klasman"]
[Result "1-0"]
[WhiteElo "1845"]
[BlackElo "1376"]
[Annotator "NA RC"]
[PlyCount "63"]
[EventDate "2020.08.06"]
[EventType "swiss (blitz)"]

1. e4 {[%emt 0:00:01]} f5 {[%emt 0:00:01]} 2. Nc3 {[%emt 0:00:02]} fxe4 {[%emt 0:00:02]} 3. Nxe4 {[%emt 0:00:01]} Nf6 {[%emt 0:00:01]} 4. Nxf6+ {[%emt 0:00:01]} exf6 {[%emt 0:00:01]} 5. Nf3 {[%emt 0:00:00]} d5 {[%emt 0:00:03]} 6. Bb5+ {[%emt 0:00:02]} c6 {[%emt 0:00:01]} 7. Ba4 {[%emt 0:00:01]} b5 {[%emt 0:00:03]} 8. Bb3 {[%emt 0:00:02]} Qe7+ {[%emt 0:00:02]} 9. Qe2 {[%emt 0:00:03]} Qxe2+ {[%emt 0:00:01]} 10. Kxe2 {[%emt 0:00:00]} Bg4 {[%emt 0:00:01]} 11. d4 {[%emt 0:00:01]} Bd6 {[%emt 0:00:02]} 12. h3 {[%emt 0:00:02]} Bh5 {[%emt 0:00:02]} 13. c3 {[%emt 0:00:04]} O-O {[%emt 0:00:03]} 14. Bc2 {[%emt 0:00:01]} Re8+ {[%emt 0:00:02]} 15. Be3 {[%emt 0:00:01]} c5 {[%emt 0:00:02]} 16. g4 {[%emt 0:00:01]} Bg6 {[%emt 0:00:02]} 17. Bxg6 {[%emt 0:00:01]} hxg6 {[%emt 0:00:01]} 18. Rad1 {[%emt 0:00:01]} Nc6 {[%emt 0:00:02]} 19. dxc5 {[%emt 0:00:03]} Bxc5 {[%emt 0:00:01]} 20. Rxd5 {[%emt 0:00:01]} Bxe3 {[%emt 0:00:02]} 21. fxe3 {[%emt 0:00:00]} Re4 {[%emt 0:00:05]} 22. Rhd1 {[%emt 0:00:05]} Rae8 {[%emt 0:00:02]} 23. R1d3 {[%emt 0:00:01]} Na5 {[%emt 0:00:03]} 24. Rxb5 {[%emt 0:00:02]} Nc4 {[%emt 0:00:01]} 25. Nd2 {[%emt 0:00:05]} Rxe3+ {[%emt 0:00:03]} 26. Rxe3 {[%emt 0:00:01]} Rxe3+ {[%emt 0:00:03]} 27. Kd1 {[%emt 0:00:01]} Rd3 {[%emt 0:00:01]} 28. Rb8+ {[%emt 0:00:02]} Kh7 {[%emt 0:00:02]} 29. b3 {[%emt 0:00:01]} Nxd2 {[%emt 0:00:02]} 30. Ke2 {[%emt 0:00:01]} Rd7 {[%emt 0:00:01]} 31. Rb5 {[%emt 0:00:01]} g5 {[%emt 0:00:02]} 32. c4 {[%emt 0:00:01] Time Time Time Time Time (Lag: Av=0.38s, max=0.6s) (Lag: Av=0.38s, max=0.6s) (Lag: Av=0.38s, max=0.6s) (Lag: Av=0.38s, max=0.6s) (Lag: Av=0.38s, max=0.6s)} 1-0